Sophie's world : (Record no. 360145)
[ view plain ]
| 000 -LEADER | |
|---|---|
| fixed length control field | 00623nam a2200229Ia 4500 |
| 008 - FIXED-LENGTH DATA ELEMENTS--GENERAL INFORMATION | |
| fixed length control field | 181129s9999 xx 000 0 und d |
| 020 ## - INTERNATIONAL STANDARD BOOK NUMBER | |
| International Standard Book Number | 9780374530716 |
| 050 ## - LIBRARY OF CONGRESS CALL NUMBER | |
| Item number | G111 2007 |
| 100 ## - MAIN ENTRY--PERSONAL NAME | |
| Personal name | Gaarder, Jostein |
| 245 #0 - TITLE STATEMENT | |
| Title | Sophie's world : |
| 245 #2 - TITLE STATEMENT | |
| Remainder of title | a novel about the history of philosophy / |
| 245 #0 - TITLE STATEMENT | |
| Statement of responsibility, etc | by Jostein Gaarder ; translated by Paulette Moller. |
| 260 ## - PUBLICATION, DISTRIBUTION, ETC. (IMPRINT) | |
| Place of publication, distribution, etc | New York, NY : |
| 260 ## - PUBLICATION, DISTRIBUTION, ETC. (IMPRINT) | |
| Name of publisher, distributor, etc | FSG Classics, |
| 260 ## - PUBLICATION, DISTRIBUTION, ETC. (IMPRINT) | |
| Date of publication, distribution, etc | 2007 |
| 300 ## - PHYSICAL DESCRIPTION | |
| Extent | 518 pages : |
| 300 ## - PHYSICAL DESCRIPTION | |
| Other physical details | illustrations ; |
| 300 ## - PHYSICAL DESCRIPTION | |
| Dimensions | 21cm. |
| 650 ## - SUBJECT ADDED ENTRY--TOPICAL TERM | |
| Topical term or geographic name as entry element | Norwegian literature. |
| 650 ## - SUBJECT ADDED ENTRY--TOPICAL TERM | |
| Topical term or geographic name as entry element | Philosophy -- History. |
| 700 ## - ADDED ENTRY--PERSONAL NAME | |
| Personal name | Title. |
| Withdrawn status | Lost status | Damaged status | Home library | Current library | Shelving location | Date acquired | Total Checkouts | Full call number | Barcode | Date last seen | Price effective from | Koha item type |
|---|---|---|---|---|---|---|---|---|---|---|---|---|
| Stonyhurst Southville International School (Malarayat) | Stonyhurst Southville International School (Malarayat) | 11/29/2018 | FIC G111 2007 | SSISM5939 | 11/29/2018 | 11/29/2018 | Books |